000 00383nam a2200145 i 4500
001 bg
100 1 _aWIŚNIEWSKA, Miriam
245 0 _aProjektowanie budynków na terenach wiejskich /
_cM. Wiśniewska, J. Wiśniewski.
260 _aWarszawa,
_c1982.
700 1 _aWIŚNIEWSKI, Jerzy
040 _cBPK
041 _apol
942 _cKS
008 s pl f |000 0 pol
999 _c21701
_d21701
856 _uhttp://koha.tu.koszalin.pl/cgi-bin/koha/opac-detail.pl?biblionumber=21701
_yKatalog online BPK